Normal view
MARC view
- Supervisor: Dr. Syed Taha Ali
Entry Personal Name
001 - CONTROL NUMBER
- control field: 97104
003 - CONTROL NUMBER IDENTIFIER
- control field: NUST
005 - DATE AND TIME OF LATEST TRANSACTION
- control field: 20220815100602.0
008 - FIXED-LENGTH DATA ELEMENTS
- fixed length control field: 220815|| aca||aabn | a|a d
040 ## - CATALOGING SOURCE
- Original cataloging agency: NUST
- Transcribing agency: NUST
100 ## - HEADING--PERSONAL NAME
- Personal name: Supervisor: Dr. Syed Taha Ali
670 ## - SOURCE DATA FOUND
- Source citation: Work cat.: (NUST): Syeda Roushan Arshid 97103, Investigating Mempool Optimizations for Ethereum /
